| 000 | 00519nam a2200169 i 4500 | ||
|---|---|---|---|
| 001 | 62706 | ||
| 003 | ES-MaACL | ||
| 005 | 20230906164721.0 | ||
| 007 | t| | ||
| 008 | 031125s1963 sp ||||1| spa d | ||
| 100 | 1 |
_aFernández Jiménez, Manuel. _949855 |
|
| 245 | 1 | 0 |
_a¿Tu camino de Damasco? / _cManuel Fernández Jiménez ; respuesta a Francisco Lacueva. |
| 260 |
_aEstella : _bVerbo Divino, _c[1963] |
||
| 300 |
_a116 p. ; _c18 cm. |
||
| 700 | 1 |
_aLacueva, Francisco. _969422 |
|
| 852 |
_aES-MaACL _jC-23908 _bR.52400 |
||
| 999 |
_c62706 _d62706 |
||